Lumber recovery from incense-cedar in central California /

Bibliographic Details
Main Author: Pong, W. Y.
Corporate Author: Pacific Northwest Research Station (Portland, Or.)
Other Authors: Cahill, James M.
Format: Government Document Book
Language:English
Published: Portland, Or. : U.S. Dept. of Agriculture, Forest Service, Pacific Northwest Research Station, [1988]
Series:Research paper PNW ; 393.
Subjects:

MARC

Tag First Indicator Second Indicator Subfields
LEADER 00000cam a2200000 a 4500
001 in00000871663
005 20151019131837.0
008 890717s1988 oruab b f00010 eng d
010 |a gp 89015310  
035 |a (OCoLC)20019658 
035 |9 AEJ8442AM 
040 |a GPO  |c GPO  |d UtOrBLW 
043 |a n-us-ca 
074 |a 83-B (microfiche) 
086 0 |a A 13.78:PNW-RP-393 
100 1 |a Pong, W. Y. 
245 1 0 |a Lumber recovery from incense-cedar in central California /  |c W.Y. Pong and James M. Cahill. 
264 1 |a Portland, Or. :  |b U.S. Dept. of Agriculture, Forest Service, Pacific Northwest Research Station,  |c [1988] 
300 |a 22 pages, 2 unnumbered pages :  |b illustrations, 1 map ;  |c 28 cm. 
336 |a text  |b txt  |2 rdacontent 
337 |a unmediated  |b n  |2 rdamedia 
338 |a volume  |b nc  |2 rdacarrier 
490 1 |a Research paper PNW-RP ;  |v 393 
500 |a Distributed to depository libraries in microfiche. 
500 |a "April 1988"--P. [24]. 
504 |a Bibliography: page 18. 
650 0 |a Lumbering  |z California. 
650 0 |a Incense cedar. 
700 1 |a Cahill, James M. 
710 2 |a Pacific Northwest Research Station (Portland, Or.) 
740 0 |a Lumber recovery from incense cedar in central California. 
830 0 |a Research paper PNW ;  |v 393. 
999 |a MARS 
999 f f |s 8c3de4b3-4544-36ff-a2de-555b60ad97d0  |i e02edb40-9f95-3e63-aa0b-0e497a75e7c4  |t 0 
952 f f |p normal  |a Texas A&M University  |b College Station  |c Sterling C. Evans Library  |d Evans: US Documents (Annex 5th floor)  |t 0  |e A 13.78: PNW-RP-393  |h Superintendent of Documents classification  |i unmediated -- volume  |m A14812812062 
998 f f |a A 13.78: PNW-RP-393  |t 0  |l Evans: US Documents (Annex 5th floor)